Big Ten Cities - Statistics

General Stats
  • This quiz has been taken 1,349 times
  • The average score is 8 of 14
Answer Stats
Answer % Correct
Ann Arbor, MI
88%
Columbus, OH
86%
East Lansing, MI
75%
Madison, WI
74%
MInneapolis, MN
64%
Lincoln, NE
63%
Iowa City, IA
58%
Bloomington, IN
56%
Champaign, IL
53%
State College, PA
47%
College Park, MD
45%
Evanston, IL
45%
West Lafayette, IN
43%
New Brunswick, NJ
32%
No matching quizzes found
Score Distribution
Percent of People with Each Score
Percentile by Number Answered
Your Score History
You have not taken this quiz